[Event "Oberliga Bayern 1718"]
[Site "Bayern"]
[Date "2018.03.18"]
[Round "8.2"]
[White "Delchev, Aleksander"]
[Black "Dey, Jan Marten"]
[Result "1-0"]
[WhiteElo "2565"]
[BlackElo "2233"]
[PlyCount "83"]
[EventDate "2017.10.22"]
[EventType "team-tourn"]
[EventRounds "9"]
[EventCountry "GER"]
[SourceTitle "EXT 2020"]
[Source "ChessBase"]
[SourceDate "2019.10.17"]
[SourceVersion "1"]
[SourceVersionDate "2019.10.17"]
[SourceQuality "1"]
[WhiteTeam "Deggendorf"]
[BlackTeam "Schweinfurt"]
[WhiteTeamCountry "GER"]
[BlackTeamCountry "GER"]

1. e4 Nf6 2. e5 Nd5 3. d4 d6 4. c4 Nb6 5. exd6 exd6 6. Nc3 Be7 7. Bd3 c6 8. h3 Na6 9. a3 Be6 10. b3 Nc7 11. Nge2 0-0 12. 0-0 d5 13. c5 Nd7 14. Qc2 g6 15. b4 Ne8 16. a4 Ng7 17. b5 Bf5 18. a5 cxb5 19. Nxb5 Nb8 20. Bf4 Nc6 21. Rfb1 Bxd3 22. Qxd3 Ne6 23. Bd6 Bxd6 24. Nxd6 Nxa5 25. Nxb7 Nxb7 26. Rxb7 a5 27. Ra4 Qh4 28. Nc3 Rfd8 29. Qf3 Ng5 30. Qg4 Qh6 31. h4 Ne6 32. Qf3 Rf8 33. Nxd5 Qxh4 34. Qf6 Qxf6 35. Nxf6+ Kg7 36. Nd7 Rfd8 37. c6 Rac8 38. d5 Nc5 39. Nxc5 Rxd5 40. Ne6+ Kf6 41. Nd4 Ke5 42. Rd7 1-0

[Event "Landesliga Nord 1112"]
[Site "Bayern"]
[Date "2012.02.26"]
[Round "7.2"]
[White "Schramm, Christian"]
[Black "Dey, Jan Marten"]
[Result "1-0"]
[WhiteElo "2325"]
[BlackElo "2177"]
[PlyCount "63"]
[EventDate "2011.10.02"]
[EventType "team-tourn"]
[EventRounds "9"]
[EventCountry "GER"]
[SourceTitle "EXT 2015"]
[Source "ChessBase"]
[SourceDate "2014.11.20"]
[SourceVersion "1"]
[SourceVersionDate "2014.11.20"]
[SourceQuality "1"]
[WhiteTeam "Obernau"]
[BlackTeam "Schweinfurt"]
[WhiteTeamCountry "GER"]
[BlackTeamCountry "GER"]

1. e4 c6 2. d4 d5 3. Nc3 dxe4 4. Nxe4 Bf5 5. Ng3 Bg6 6. h4 h6 7. Nf3 Nd7 8. h5 Bh7 9. Bd3 Bxd3 10. Qxd3 e6 11. Bd2 Ngf6 12. 0-0-0 Be7 13. Kb1 0-0 14. Ne4 c5 15. Nxf6+ Nxf6 16. g4 Nxg4 17. Qe2 Qb6 18. Ne5 Nxe5 19. dxe5 c4 20. Rh3 Rad8 21. Rg1 Kh8 22. Rhg3 Rg8 23. Rg4 Ba3 24. b3 cxb3 25. axb3 Bc5 26. Bc1 Bd4 27. Bb2 Bxb2 28. Kxb2 Rd7 29. Qf3 Qd8 30. Qe3 b6 31. Qf4 Qe7 32. Qxh6+ 1-0

[Event "Landesliga Nord 1011"]
[Site "Bayern"]
[Date "2011.03.20"]
[Round "8.2"]
[White "Giessmann, Stephan"]
[Black "Dey, Jan Marten"]
[Result "0-1"]
[WhiteElo "2197"]
[BlackElo "2177"]
[PlyCount "86"]
[EventDate "2010.10.10"]
[EventType "team-tourn"]
[EventRounds "9"]
[EventCountry "GER"]
[SourceTitle "EXT 2012"]
[Source "ChessBase"]
[SourceDate "2011.11.24"]
[SourceVersion "1"]
[SourceVersionDate "2011.11.24"]
[SourceQuality "1"]
[WhiteTeam "Kelheim"]
[BlackTeam "Schweinfurt"]
[WhiteTeamCountry "GER"]
[BlackTeamCountry "GER"]

1. d4 b5 2. e4 a6 3. Bd3 e6 4. Nf3 c5 5. c3 Bb7 6. 0-0 Nf6 7. Re1 cxd4 8. cxd4 Be7 9. a4 b4 10. e5 Nd5 11. Nbd2 Nc6 12. Ne4 Qb6 13. Bg5 f6 14. exf6 gxf6 15. Bh6 0-0-0 16. a5 Nxa5 17. Nc5 Bxc5 18. dxc5 Qc7 19. Qa4 Nc6 20. Bxa6 Rhg8 21. Nd2 Bxa6 22. Qxa6+ Qb7 23. Ne4 Qxa6 24. Rxa6 Kc7 25. Rea1 Rb8 26. Nd6 Rg6 27. Bd2 h5 28. g3 Rgg8 29. Kg2 Kd8 30. Ra8 Ke7 31. Rxb8 Rxb8 32. h4 Rg8 33. Ra4 e5 34. f3 Ke6 35. Kf2 Rb8 36. Nc4 Rg8 37. Nb6 Rb8 38. g4 Rh8 39. g5 fxg5 40. Bxg5 Rf8 41. Be3 Nxe3 42. Kxe3 Nd4 43. Rxb4 Nc2+ 0-1

[Event "Landesliga Nord 0809"]
[Site "Bayern"]
[Date "2009.01.18"]
[Round "5.3"]
[White "Muehling, Werner"]
[Black "Dey, Jan Marten"]
[Result "1/2-1/2"]
[WhiteElo "2131"]
[BlackElo "2213"]
[PlyCount "26"]
[EventDate "2008.10.05"]
[EventType "team-tourn"]
[EventRounds "9"]
[EventCountry "GER"]
[SourceTitle "EXT 2020"]
[Source "ChessBase"]
[SourceDate "2019.10.17"]
[SourceVersion "1"]
[SourceVersionDate "2019.10.17"]
[SourceQuality "1"]
[WhiteTeam "Schwandorf"]
[BlackTeam "Schweinfurt"]
[WhiteTeamCountry "GER"]
[BlackTeamCountry "GER"]

1. d4 d5 2. Nf3 Nc6 3. e3 Bg4 4. Be2 Nf6 5. Nbd2 e6 6. 0-0 Bd6 7. c4 dxc4 8. Nxc4 0-0 9. a3 a6 10. Bd2 b5 11. Na5 Nxa5 12. Bxa5 Qe7 13. Rc1 c5 1/2-1/2

[Event "Landesliga Nord 0809"]
[Site "Bayern"]
[Date "2008.10.05"]
[Round "1.4"]
[White "Gegenfurtner, Juergen"]
[Black "Dey, Jan Marten"]
[Result "1/2-1/2"]
[WhiteElo "2089"]
[BlackElo "2213"]
[PlyCount "133"]
[EventDate "2008.10.05"]
[EventType "team-tourn"]
[EventRounds "9"]
[EventCountry "GER"]
[SourceTitle "EXT 2020"]
[Source "ChessBase"]
[SourceDate "2019.10.17"]
[SourceVersion "1"]
[SourceVersionDate "2019.10.17"]
[SourceQuality "1"]
[WhiteTeam "Neutraubling"]
[BlackTeam "Schweinfurt"]
[WhiteTeamCountry "GER"]
[BlackTeamCountry "GER"]

1. e4 Nf6 2. e5 Nd5 3. c4 Nb6 4. c5 Nd5 5. Bc4 e6 6. Nc3 Nxc3 7. bxc3 b6 8. d4 bxc5 9. Qg4 d5 10. Bd3 Ba6 11. Bxa6 Nxa6 12. Nf3 cxd4 13. 0-0 Nc5 14. Bg5 h5 15. Qxd4 Be7 16. c4 0-0 17. cxd5 exd5 18. Bxe7 Qxe7 19. Rac1 Ne6 20. Qxd5 Rad8 21. Qe4 c5 22. h4 g6 23. Rfe1 Rd7 24. Ng5 Rd4 25. Qc6 Rxh4 26. Nxe6 Qxe6 27. Qxe6 fxe6 28. Rxc5 Ra4 29. Re2 Ra6 30. Rd2 g5 31. f3 Kg7 32. Rd6 Rxd6 33. exd6 Kf6 34. Rc7 Rd8 35. d7 a6 36. Ra7 Ke7 37. Rxa6 Rxd7 38. Ra5 Kf6 39. Kf2 Rd2+ 40. Kg3 Rc2 41. a4 Ra2 42. Ra8 Kg6 43. a5 Kf6 44. a6 Kg7 45. a7 e5 46. Kh2 Kh7 47. Kg1 g4 48. fxg4 hxg4 49. Kh2 Ra3 50. Re8 Rxa7 51. Rxe5 Kg6 52. Kg3 Ra4 53. Kh4 Kh6 54. Re6+ Kg7 55. Kg5 g3 56. Re7+ Kg8 57. Re3 Ra5+ 58. Kf4 Kg7 59. Kxg3 Kg6 60. Kh4 Ra6 61. Rb3 Ra4+ 62. g4 Ra6 63. Rb8 Rc6 64. Rg8+ Kh7 65. Re8 Kg6 66. Kg3 Rc4 67. Ra8 1/2-1/2